000 01022nam a2200229Ia 4500
008 220216s9999 xx 000 0 und d
100 _aGasparotto L
245 0 _aResearch on South American Leaf blight (Microcyclus ulei) of rubber in Brazil
260 _bIndian Journal of Natural Rubber Research
_c1991
300 _a83-90
520 _aSouth American leaf blight (SALB), caused by Microcyclus ulei, remains a problem of overriding importance of rubber (Hevea brasiliensis) cultivation in Brazil. The disease is widely distributed and is responsible for poor latex yield. Research on this disease is concentrated on epidemiology, development of resistance, disease avoidance mechanisms and chemical control.
650 _aBrazil
650 _aBrazil
650 _aHevea brasiliensis
650 _aHevea brasiliensis
650 _aMicrocyclus ulei
650 _aMicrocyclus ulei
650 _aSouth American Leaf Blight
650 _aSouth American Leaf Blight
700 _aLima M I P M
942 _cAR
999 _c47100
_d47100